米哈游旗下软件产品 MiHoYo’s software products - Statistics

General Stats
  • This quiz has been taken 317 times
    176 since last reset
  • The average score is 6 of 9
Answer Stats
上线时间 软件产品 % Correct
2020 原神
100%
2023 崩坏:星穹铁道
92%
2016 崩坏3
86%
2024 绝区零
76%
2012 崩坏学园
74%
2014 崩坏学园2
55%
2020 未定事件簿
48%
2018 米游社
35%
2020 人工桌面
17%
No matching quizzes found
Score Distribution
Percent of People with Each Score
Percentile by Number Answered
Your Score History
You have not taken this quiz since the last reset